Normal view
MARC view
- Chakraborty I
Entry Personal Name
001 - CONTROL NUMBER
- control field: 215436
003 - CONTROL NUMBER IDENTIFIER
- control field: OSt
005 - DATE AND TIME OF LATEST TRANSACTION
- control field: 20251122095006.0
008 - FIXED-LENGTH DATA ELEMENTS
- fixed length control field: 251122|| aca||aabn | a|a d
040 ## - CATALOGING SOURCE
- Original cataloging agency: OSt
- Transcribing agency: OSt
100 ## - HEADING--PERSONAL NAME
- Personal name: Chakraborty I
670 ## - SOURCE DATA FOUND
- Source citation: Work cat.: (OSt)96745: Chakraborty I, Stories at Work - Unlock the Secret to Business Storytelling, 2018